[Event "AUTO-OPEN-4648"]
[Site "http://www.queenalice.com/game.php?id=1872002"]
[Date "2026.4.15"]
[Round "1"]
[White "EdsonEstevam"]
[Black "ricardoguevara"]
[Result "1-0"]
[WhiteElo "1784"]
[BlackElo "1329"]

1. e4 e5 2. Nf3 Nc6 3. Nc3 Nf6 4. Bc4 h6 5. O-O Bc5 6. d3 d6 7. h3 O-O 8. Re1
Be6 9. Bxe6 fxe6 10. a3 d5 11. b4 Bd6 12. Nb5 dxe4 13. dxe4 Nh5 14. Nxe5 Bxe5
15. Rb1 Nf4 16. Qg4 h5 17. Qd1 Qxd1 18. Rxd1 Rad8 19. Bxf4 Bxf4 20. g3 Be5 21.
f4 1-0

[Event "AUTO-OPEN-4648"]
[Site "http://www.queenalice.com/game.php?id=1872003"]
[Date "2026.4.15"]
[Round "1"]
[White "ricardoguevara"]
[Black "EdsonEstevam"]
[Result "0-1"]
[WhiteElo "1331"]
[BlackElo "1782"]

1. e4 e5 2. Nf3 Nc6 3. Bc4 h6 4. O-O Nf6 5. Nc3 Bb4 6. d4 Bxc3 7. bxc3 O-O 8.
dxe5 Nxe4 9. Bd2 d6 10. exd6 Qxd6 11. Bd3 Re8 12. Bxe4 Rxe4 13. Be3 Bg4 14. Qxd6
cxd6 15. Rad1 Bxf3 16. gxf3 Ra4 17. Rxd6 Rh4 18. f4 a5 19. a4 Rd8 20. Rxd8+ Nxd8
0-1

[Event "AUTO-OPEN-4648"]
[Site "http://www.queenalice.com/game.php?id=1872014"]
[Date "2026.4.15"]
[Round "1"]
[White "ricardoguevara"]
[Black "mvson33"]
[Result "0-1"]
[WhiteElo "1327"]
[BlackElo "1808"]

1. e4 d5 2. d4 Nf6 3. Nc3 e6 4. Nf3 dxe4 5. Ne5 Bd6 6. Bb5+ c6 7. Ba4 O-O 8. O-O
c5 9. dxc5 Bxc5 10. Bg5 Be7 11. Qxd8 Rxd8 12. Bxf6 Bxf6 13. f4 Nd7 14. Nxd7 Bxd7
15. Nxe4 Be7 16. Bxd7 Rxd7 17. Rad1 Rad8 18. Nc3 Rxd1 19. Nxd1 Rd2 20. c3 Bc5+
0-1

[Event "AUTO-OPEN-4648"]
[Site "http://www.queenalice.com/game.php?id=1872015"]
[Date "2026.4.15"]
[Round "1"]
[White "mvson33"]
[Black "ricardoguevara"]
[Result "1-0"]
[WhiteElo "1810"]
[BlackElo "1325"]

1. e4 e5 2. Nf3 Nc6 3. Bb5 Nf6 4. d3 Bb4+ 5. c3 Bc5 6. O-O O-O 7. Bg5 Be7 8.
Nbd2 d5 9. exd5 Nxd5 10. Bxe7 Qxe7 11. Ne4 Bf5 12. Ng3 Qf6 13. Nxf5 Qxf5 14. Bc4
e4 15. dxe4 Qxe4 16. Qxd5 Qxd5 17. Bxd5 Ne7 18. Bb3 Rad8 19. Rad1 Rxd1 20. Rxd1
Nc6 21. Rd7 1-0

[Event "AUTO-INT-3966"]
[Site "http://www.queenalice.com/game.php?id=1872073"]
[Date "2026.4.16"]
[Round "1"]
[White "ricardoguevara"]
[Black "SGF"]
[Result "0-1"]
[WhiteElo "1350"]
[BlackElo "1681"]

1. e4 e5 2. Nf3 Qf6 3. Bc4 Bc5 4. O-O Be7 5. Nc3 c6 6. d4 d6 7. Bg5 Qg6 8. Bxe7
Kxe7 9. dxe5 b5 10. Bd3 Bg4 11. exd6+ Qxd6 12. Be2 Qxd1 13. Raxd1 Nd7 14. b3
Ngf6 15. Ng5 b4 16. Na4 Bxe2 17. Rde1 Bxf1 18. Rxf1 h6 19. Nf3 Nxe4 20. Nd4 c5
21. Nf3 Nc3 0-1

[Event "AUTO-INT-3966"]
[Site "http://www.queenalice.com/game.php?id=1872074"]
[Date "2026.4.16"]
[Round "1"]
[White "SGF"]
[Black "ricardoguevara"]
[Result "1-0"]
[WhiteElo "1684"]
[BlackElo "1347"]

1. e4 e5 2. Qf3 Nf6 3. d3 Bb4+ 4. c3 Ba5 5. b4 Bb6 6. a4 O-O 7. Be2 d6 8. Qg3
Nc6 9. Bh6 Nh5 10. Bxh5 g6 11. Bxf8 Qxf8 12. h4 Ne7 13. a5 Bxf2+ 14. Kxf2 Qh6
15. Bf3 Qc1 16. h5 d5 17. hxg6 fxg6 18. Qh4 Qc2+ 19. Ne2 dxe4 20. Qxh7+ Kf8 21.
Bxe4 Ke8 22. Bxg6+ 1-0